[Event "Doeberl Cup 54th"]
[Site "Canberra"]
[Date "2016.03.28"]
[Round "9"]
[White "Wohl, Aleksandar H"]
[Black "Li, Zuhao Luke"]
[Result "1-0"]
[WhiteElo "2334"]
[BlackElo "2344"]
[PlyCount "59"]
[EventDate "2016.03.24"]
[EventType "swiss"]
[EventRounds "9"]
[EventCountry "AUS"]
[SourceTitle "CBM 171 Extra"]
[Source "ChessBase"]
[SourceDate "2016.04.26"]
[SourceVersion "1"]
[SourceVersionDate "2016.04.26"]
[SourceQuality "1"]

1. b3 Nf6 2. Bb2 g6 3. e4 c5 4. e5 Nd5 5. Bc4 Nc7 6. Qf3 Ne6 7. Qe3 Qc7 8. Nf3 Bg7 9. Nc3 0-0 10. Bxe6 dxe6 11. 0-0-0 b6 12. h4 Bb7 13. h5 Bxf3 14. Qxf3 Nc6 15. hxg6 hxg6 16. Qh3 Rfd8 17. Qh7+ Kf8 18. f4 Nd4 19. Rh3 Qc6 20. Rdh1 g5 21. Rg3 f6 22. exf6 exf6 23. fxg5 f5 24. Kb1 b5 25. Ne2 Rac8 26. Rh6 Rc7 27. Re3 Qxg2 28. Nxd4 cxd4 29. Ba3+ Ke8 30. Qg6+ 1-0

[Event "AUS-ch"]
[Site "Melbourne"]
[Date "2016.01.03"]
[Round "3"]
[White "Morris, James"]
[Black "Li, Zuhao Luke"]
[Result "1-0"]
[WhiteElo "2422"]
[BlackElo "2311"]
[PlyCount "79"]
[EventDate "2016.01.02"]
[EventType "swiss"]
[EventRounds "11"]
[EventCountry "AUS"]
[SourceTitle "CBM 170 Extra"]
[Source "ChessBase"]
[SourceDate "2016.02.25"]
[SourceVersion "1"]
[SourceVersionDate "2016.02.25"]
[SourceQuality "1"]

1. c4 c6 2. e4 d5 3. exd5 cxd5 4. cxd5 Qxd5 5. Nc3 Qd8 6. d4 Nf6 7. Nf3 e6 8. Bd3 Be7 9. 0-0 Nc6 10. Be3 0-0 11. Rc1 b6 12. Bb1 Bb7 13. Qe2 Rc8 14. a3 Re8 15. Rfd1 Bf8 16. Bg5 Ne7 17. Ne5 Ng6 18. h4 Be7 19. h5 Nxe5 20. dxe5 Nd5 21. Nxd5 Bxd5 22. Rxc8 Qxc8 23. Bxe7 Rxe7 24. h6 g6 25. Qe3 Rc7 26. Qg5 Qf8 27. Be4 Rd7 28. f3 f6 29. exf6 Kf7 30. b4 Qd8 31. Bxg6+ hxg6 32. Rd4 Qh8 33. Rh4 Qh7 34. Qe5 g5 35. Qxg5 Qg6 36. h7 Qxg5 37. h8Q e5 38. Rh7+ Kg6 39. Qe8+ Rf7 40. Rg7+ 1-0

[Event "AUS-ch"]
[Site "Melbourne"]
[Date "2016.01.02"]
[Round "1"]
[White "Hacche, David"]
[Black "Li, Zuhao Luke"]
[Result "0-1"]
[WhiteElo "2040"]
[BlackElo "2311"]
[PlyCount "90"]
[EventDate "2016.01.02"]
[EventType "swiss"]
[EventRounds "11"]
[EventCountry "AUS"]
[SourceTitle "CBM 170 Extra"]
[Source "ChessBase"]
[SourceDate "2016.02.25"]
[SourceVersion "1"]
[SourceVersionDate "2016.02.25"]
[SourceQuality "1"]

1. d4 d5 2. Bf4 e6 3. e3 Bd6 4. Bg3 Nf6 5. Bd3 Nbd7 6. Nf3 Qe7 7. Nbd2 e5 8. dxe5 Nxe5 9. Nxe5 Bxe5 10. c3 0-0 11. Bxe5 Qxe5 12. Qf3 c6 13. Qg3 Qh5 14. Be2 Bg4 15. Bxg4 Nxg4 16. 0-0-0 Nf6 17. Qf4 Rfe8 18. Rhe1 Qg6 19. f3 Nd7 20. Nc4 Re6 21. e4 Rae8 22. b4 Nf6 23. Nd2 Qxg2 24. Rg1 Qh3 25. Rg3 Qh5 26. Rdg1 g6 27. h4 Qe5 28. Qxe5 Rxe5 29. f4 Rh5 30. e5 Nd7 31. Nf3 f6 32. exf6 Nxf6 33. Rg5 Re3 34. Rf1 Rxc3+ 35. Kb2 Rc4 36. f5 Rxb4+ 37. Ka3 Rf4 38. fxg6 Rxg5 39. hxg5 Nh5 40. gxh7+ Kxh7 41. Nd2 Rxf1 42. Nxf1 Kg6 43. Kb4 Kxg5 44. Kc5 Kf4 45. a4 Ng3 0-1

[Event "Australian Masters GM"]
[Site "Melbourne"]
[Date "2015.12.14"]
[Round "3"]
[White "Li, Zuhao Luke"]
[Black "Dale, Ari"]
[Result "0-1"]
[WhiteElo "2332"]
[BlackElo "2331"]
[PlyCount "122"]
[EventDate "2015.12.12"]
[EventType "tourn"]
[EventRounds "9"]
[EventCountry "AUS"]
[EventCategory "8"]
[SourceTitle "EXT 2017"]
[Source "ChessBase"]
[SourceDate "2016.10.25"]
[SourceVersion "1"]
[SourceVersionDate "2016.10.25"]
[SourceQuality "1"]

1. d4 Nf6 2. c4 g6 3. Nc3 d5 4. Nf3 Bg7 5. Qb3 dxc4 6. Qxc4 0-0 7. e4 Nc6 8. Be2 Nd7 9. Be3 Nb6 10. Qc5 f5 11. Rd1 Qd6 12. Nb5 Qxc5 13. dxc5 Na4 14. 0-0 f4 15. Bc1 Nxc5 16. Nxc7 Rb8 17. Ng5 h6 18. Bc4+ Kh8 19. Nge6 Nxe6 20. Nxe6 Bxe6 21. Bxe6 Nd4 22. Bc4 b5 23. Bd3 Be5 24. Bd2 Kg7 25. Bc3 b4 26. Bxd4 Bxd4 27. b3 e5 28. Be2 Rbc8 29. Rc1 Bb2 30. Rxc8 Rxc8 31. Rd1 Bd4 32. Bc4 a5 33. Kf1 a4 34. Ke2 a3 35. Rd3 Kf6 36. Kf3 Rc7 37. h3 g5 38. g4 Rh7 39. Kg2 h5 40. f3 hxg4 41. hxg4 Ke7 42. Rd1 Kd6 43. Rd2 Rc7 44. Rc2 Bc3 45. Bd5 Kc5 46. Rc1 Kd4 47. Rd1+ Ke3 48. Bc4 Rxc4 49. bxc4 b3 50. axb3 a2 51. c5 Ke2 52. Rc1 Kd2 53. Rf1 Kc2 54. c6 Ba5 55. b4 Bb6 56. b5 Kb2 57. c7 Bxc7 58. Rf2+ Kb3 59. Rf1 Bb6 60. Rd1 Bd4 61. Rd3+ Kb4 0-1

[Event "Australian Masters GM"]
[Site "Melbourne"]
[Date "2015.12.12"]
[Round "1"]
[White "Li, Zuhao Luke"]
[Black "Neiksans, Arturs"]
[Result "1/2-1/2"]
[WhiteElo "2332"]
[BlackElo "2603"]
[PlyCount "63"]
[EventDate "2015.12.12"]
[EventType "tourn"]
[EventRounds "9"]
[EventCountry "AUS"]
[EventCategory "8"]
[SourceTitle "EXT 2017"]
[Source "ChessBase"]
[SourceDate "2016.10.25"]
[SourceVersion "1"]
[SourceVersionDate "2016.10.25"]
[SourceQuality "1"]

1. d4 Nf6 2. c4 e6 3. Nc3 Bb4 4. Qc2 b6 5. e4 c5 6. dxc5 Bb7 7. Bd3 Na6 8. Nge2 Bxc5 9. 0-0 Nb4 10. Qd1 Ng4 11. Bf4 e5 12. Bg3 h5 13. Nc1 Qg5 14. Be2 Nf6 15. Nb3 0-0 16. Nxc5 bxc5 17. f4 exf4 18. Rxf4 Rfe8 19. Bf3 Re5 20. Rxf6 gxf6 21. Bxe5 fxe5 22. Qxd7 Rd8 23. Qxb7 Qe3+ 24. Kh1 Nd3 25. h3 Nf2+ 26. Kh2 Qf4+ 27. Kg1 Nxh3+ 28. Kh1 Nf2+ 29. Kg1 Nh3+ 30. Kh1 Nf2+ 31. Kg1 Nh3+ 32. Kh1 1/2-1/2

[Event "Doeberl Cup 53rd"]
[Site "Canberra"]
[Date "2015.04.04"]
[Round "5"]
[White "Ikeda, Junta"]
[Black "Li, Zuhao Luke"]
[Result "0-1"]
[WhiteElo "2403"]
[BlackElo "2323"]
[PlyCount "68"]
[EventDate "2015.04.02"]
[EventType "swiss"]
[EventRounds "9"]
[EventCountry "AUS"]
[SourceTitle "EXT 2018"]
[Source "ChessBase"]
[SourceDate "2017.10.13"]
[SourceVersion "1"]
[SourceVersionDate "2017.10.13"]
[SourceQuality "1"]

1. e4 e6 2. d4 d5 3. Nc3 Bb4 4. e5 c5 5. a3 Bxc3+ 6. bxc3 Ne7 7. Nf3 h6 8. Be2 b6 9. 0-0 Ba6 10. a4 Bxe2 11. Qxe2 Nbc6 12. dxc5 Na5 13. cxb6 axb6 14. Qb5+ Qd7 15. Be3 Nc4 16. Rfb1 Qxb5 17. Rxb5 Kd7 18. Nd2 Nxe3 19. fxe3 Ra6 20. Rab1 Rc8 21. Rxb6 Rxa4 22. Nb3 Rac4 23. Nd4 Rxc3 24. Ra1 Nf5 25. Ra7+ R8c7 26. Rxc7+ Kxc7 27. Ra6 Kb7 28. Ra4 Nxe3 29. Rb4+ Kc8 30. Nb5 Rxc2 31. Nd6+ Kd7 32. Rb7+ Kc6 33. Rxf7 Rc1+ 34. Kf2 Ng4+ 0-1

[Event "Doeberl Cup 53rd"]
[Site "Canberra"]
[Date "2015.04.02"]
[Round "2"]
[White "Li, Zuhao Luke"]
[Black "Fasakin, Oladoyin"]
[Result "1-0"]
[WhiteElo "2323"]
[BlackElo "1973"]
[PlyCount "63"]
[EventDate "2015.04.02"]
[EventType "swiss"]
[EventRounds "9"]
[EventCountry "AUS"]
[SourceTitle "EXT 2018"]
[Source "ChessBase"]
[SourceDate "2017.10.13"]
[SourceVersion "1"]
[SourceVersionDate "2017.10.13"]
[SourceQuality "1"]

1. d4 Nf6 2. c4 c5 3. d5 b5 4. cxb5 a6 5. bxa6 g6 6. Nc3 Bxa6 7. e4 Bxf1 8. Kxf1 d6 9. g3 Nbd7 10. Nf3 Bg7 11. Kg2 0-0 12. a4 Qa5 13. Bd2 Qa6 14. Qc2 Rfb8 15. Nb5 Qb7 16. Rab1 Ne8 17. Rhc1 e6 18. dxe6 fxe6 19. Ng5 d5 20. Nxe6 dxe4 21. Be3 Rc8 22. Nxg7 Kxg7 23. Qc3+ Ndf6 24. b3 c4 25. bxc4 Qd7 26. a5 h5 27. Bg5 Rc5 28. h4 Rf5 29. Rd1 Qc8 30. Nd6 Nxd6 31. Bxf6+ Kg8 32. Rxd6 1-0

[Event "Australian op"]
[Site "Sydney"]
[Date "2015.01.03"]
[Round "3"]
[White "Khusnutdinov, Rustam"]
[Black "Li, Zuhao Luke"]
[Result "1/2-1/2"]
[WhiteElo "2476"]
[BlackElo "2337"]
[PlyCount "93"]
[EventDate "2015.01.02"]
[EventType "swiss"]
[EventRounds "11"]
[EventCountry "AUS"]
[SourceTitle "CBM 164 Extra"]
[Source "ChessBase"]
[SourceDate "2015.03.02"]
[SourceVersion "1"]
[SourceVersionDate "2015.03.02"]
[SourceQuality "1"]

1. e4 e5 2. Nc3 Nf6 3. g3 Bc5 4. Bg2 Nc6 5. Nge2 a6 6. d3 d6 7. 0-0 Nd4 8. h3 Be6 9. Nxd4 Bxd4 10. Ne2 Ba7 11. d4 Qd7 12. Kh2 Bc4 13. c3 exd4 14. cxd4 Bxe2 15. Qxe2 Bxd4 16. e5 dxe5 17. Bxb7 Rb8 18. Bxa6 0-0 19. Rb1 Nd5 20. Be3 c5 21. Bxd4 exd4 22. Bc4 Rfe8 23. Qd3 Re7 24. Rbe1 Nb6 25. Bb5 Qd6 26. b3 Nd5 27. Bc4 Nb4 28. Qd2 Rbe8 29. Rxe7 Rxe7 30. Re1 g6 31. Rxe7 Qxe7 32. Kg1 Kg7 33. a3 Nc6 34. Qe2 Qf6 35. Bd5 Ne5 36. f4 Nd7 37. a4 Qf5 38. Qg2 Nf6 39. Bc4 Qb1+ 40. Qf1 Qc2 41. Qe2 Qc3 42. Kf2 Nh5 43. Qf3 Qc2+ 44. Qe2 Qc3 45. Qf3 Qc2+ 46. Qe2 Qc3 47. Qf3 1/2-1/2

[Event "Australian Masters-A"]
[Site "Melbourne"]
[Date "2014.12.15"]
[Round "3"]
[White "Li, Zuhao Luke"]
[Black "Zelesco, Karl"]
[Result "1/2-1/2"]
[WhiteElo "2342"]
[BlackElo "2256"]
[PlyCount "56"]
[EventDate "2014.12.13"]
[EventType "tourn"]
[EventRounds "9"]
[EventCountry "AUS"]
[EventCategory "8"]
[SourceTitle "EXT 2016"]
[Source "ChessBase"]
[SourceDate "2015.10.08"]
[SourceVersion "1"]
[SourceVersionDate "2015.10.08"]
[SourceQuality "1"]

1. d4 Nf6 2. c4 g6 3. Nc3 d5 4. Nf3 Bg7 5. Qb3 dxc4 6. Qxc4 0-0 7. e4 Nc6 8. Be2 e5 9. d5 Nd4 10. Nxd4 exd4 11. Qxd4 c6 12. Qc4 b5 13. Qb3 cxd5 14. exd5 b4 15. Qxb4 Nxd5 16. Nxd5 Qxd5 17. 0-0 Qe5 18. Bf3 Rb8 19. Qa4 Qd4 20. Qxd4 Bxd4 21. Rd1 Bg7 22. Be3 Rxb2 23. Bc5 Re8 24. Bc6 Rc2 25. Rab1 Bg4 26. Bxe8 Bxd1 27. Rxd1 Rxc5 28. g3 Rc7 1/2-1/2

[Event "Australian Masters-A"]
[Site "Melbourne"]
[Date "2014.12.13"]
[Round "1"]
[White "Li, Zuhao Luke"]
[Black "Smirnov, Anton"]
[Result "0-1"]
[WhiteElo "2342"]
[BlackElo "2420"]
[PlyCount "74"]
[EventDate "2014.12.13"]
[EventType "tourn"]
[EventRounds "9"]
[EventCountry "AUS"]
[EventCategory "8"]
[SourceTitle "EXT 2016"]
[Source "ChessBase"]
[SourceDate "2015.10.08"]
[SourceVersion "1"]
[SourceVersionDate "2015.10.08"]
[SourceQuality "1"]

1. d4 Nf6 2. c4 g6 3. Nc3 d5 4. Nf3 Bg7 5. Qb3 dxc4 6. Qxc4 0-0 7. e4 Na6 8. Be2 c5 9. d5 e6 10. 0-0 exd5 11. exd5 Bf5 12. Rd1 Qb6 13. h3 Rfe8 14. g4 Bd7 15. Be3 h5 16. Ng5 hxg4 17. hxg4 Qd6 18. Bf4 Qf8 19. Bg3 Bh6 20. Bh4 b5 21. Qf4 Qg7 22. Qd6 b4 23. Bxa6 bxc3 24. bxc3 Bxg5 25. Bxg5 Ne4 26. Qxd7 Nxg5 27. Rd3 Qf6 28. Qc6 Qf4 29. Rg3 Ne4 30. Rg2 Rad8 31. Re1 Qd2 32. Re3 Kg7 33. Bf1 Ng5 34. Rgg3 Rh8 35. c4 Qd1 36. Qc7 Rh1+ 37. Kxh1 Qxf1+ 0-1

[Event "Olympiad-41"]
[Site "Tromsoe"]
[Date "2014.08.08"]
[Round "6.3"]
[White "Abreu Jean, Carlos Paul"]
[Black "Li, Zuhao Luke"]
[Result "0-1"]
[WhiteElo "2286"]
[BlackElo "2365"]
[PlyCount "54"]
[EventDate "2014.08.02"]
[EventType "team-swiss"]
[EventRounds "11"]
[EventCountry "NOR"]
[SourceTitle "CBM 162"]
[Source "ChessBase"]
[SourceDate "2014.09.17"]
[SourceVersion "1"]
[SourceVersionDate "2014.09.17"]
[SourceQuality "1"]
[WhiteTeam "Dominican Republic"]
[BlackTeam "New Zealand"]
[WhiteTeamCountry "DOM"]
[BlackTeamCountry "NZL"]

1. d4 Nf6 2. Nc3 d5 3. Bg5 e6 4. f3 Be7 5. Qd2 h6 6. Bh4 c5 7. e3 Nc6 8. Bf2 a6 9. a4 Qb6 10. a5 Qxb2 11. Ra2 Qb4 12. Ra4 cxd4 13. exd4 Qd6 14. Bd3 Qd8 15. Nge2 Nxa5 16. 0-0 Bd7 17. Ra2 Nc4 18. Qc1 b5 19. Re1 a5 20. Nf4 a4 21. Bxc4 bxc4 22. Qe3 Bb4 23. Bh4 Bxc3 24. Bxf6 Qa5 25. Bxg7 Bxe1 26. Bxh8 Bd2 27. Qe5 Bxf4 0-1

[Event "Olympiad-41"]
[Site "Tromsoe"]
[Date "2014.08.05"]
[Round "4.2"]
[White "Anquandah, Francis Eric"]
[Black "Li, Zuhao Luke"]
[Result "0-1"]
[WhiteElo "1963"]
[BlackElo "2365"]
[PlyCount "100"]
[EventDate "2014.08.02"]
[EventType "team-swiss"]
[EventRounds "11"]
[EventCountry "NOR"]
[SourceTitle "CBM 162"]
[Source "ChessBase"]
[SourceDate "2014.09.17"]
[SourceVersion "1"]
[SourceVersionDate "2014.09.17"]
[SourceQuality "1"]
[WhiteTeam "Ghana"]
[BlackTeam "New Zealand"]
[WhiteTeamCountry "GHA"]
[BlackTeamCountry "NZL"]

1. e4 e6 2. d4 d5 3. Nd2 c5 4. c3 cxd4 5. cxd4 dxe4 6. Nxe4 Bb4+ 7. Nc3 Nf6 8. Bb5+ Nbd7 9. Nge2 a6 10. Bxd7+ Bxd7 11. 0-0 Bc6 12. Bg5 0-0 13. a3 Be7 14. Qd2 h6 15. Bf4 Nd5 16. Nxd5 Qxd5 17. f3 Rfd8 18. Rfd1 Qf5 19. Qe3 Rd7 20. Rd2 Rad8 21. Rad1 Ba4 22. Rc1 Bf6 23. g4 Qa5 24. b4 Qb6 25. Be5 Bxe5 26. Qxe5 Bb5 27. Kg2 Bxe2 28. Rxe2 Rxd4 29. Qc7 Qb5 30. Rcc2 Qd5 31. h3 Rd3 32. Qf4 Rxa3 33. Rc7 Rd7 34. Rxd7 Qxd7 35. Rd2 Qe7 36. Rc2 Rd3 37. Rc8+ Rd8 38. Rc7 Rd7 39. Rc8+ Kh7 40. Qe4+ f5 41. Qe5 Qxb4 42. Qxe6 Rd2+ 43. Kg3 Qd6+ 44. Qxd6 Rxd6 45. gxf5 a5 46. Kf4 a4 47. Ke5 Ra6 48. Rc7 a3 49. Rxb7 a2 50. f6 a1Q+ 0-1

[Event "Olympiad-41"]
[Site "Tromsoe"]
[Date "2014.08.04"]
[Round "3.3"]
[White "Li, Zuhao Luke"]
[Black "Ajibowo, Olamide Patrick"]
[Result "1-0"]
[WhiteElo "2365"]
[BlackElo "2168"]
[PlyCount "113"]
[EventDate "2014.08.02"]
[EventType "team-swiss"]
[EventRounds "11"]
[EventCountry "NOR"]
[SourceTitle "CBM 162"]
[Source "ChessBase"]
[SourceDate "2014.09.17"]
[SourceVersion "1"]
[SourceVersionDate "2014.09.17"]
[SourceQuality "1"]
[WhiteTeam "New Zealand"]
[BlackTeam "Nigeria"]
[WhiteTeamCountry "NZL"]
[BlackTeamCountry "NGR"]

1. Nf3 c5 2. e3 Nf6 3. c4 a6 4. Nc3 e6 5. d4 cxd4 6. exd4 Bb4 7. Bd3 d5 8. 0-0 0-0 9. Bg5 dxc4 10. Bxc4 b5 11. Bd3 Bb7 12. a4 bxa4 13. Nxa4 Nbd7 14. Qe2 a5 15. Rfd1 Bd5 16. Ne5 Qb8 17. Nc3 Bb3 18. Rdc1 Bd6 19. f4 Qb6 20. Kh1 Rfc8 21. Ne4 Bxe5 22. dxe5 Nxe4 23. Bxe4 Bd5 24. Bxd5 exd5 25. Rd1 Rc5 26. Be7 Rb5 27. Ba3 Re8 28. Rac1 h6 29. Qf3 Qe6 30. Qd3 Reb8 31. Bd6 Rb3 32. Qxd5 Qxd5 33. Rxd5 R8b7 34. Ba3 Kh7 35. Rxa5 Re3 36. Kg1 g5 37. fxg5 Nxe5 38. gxh6 Rd7 39. Rac5 Re4 40. R5c2 Rd5 41. h3 Kxh6 42. Rf1 Re3 43. Bb4 Kg6 44. Bc3 f5 45. Rcf2 Nd3 46. Rd2 f4 47. Kh2 Kf5 48. Bg7 Ke4 49. Rc2 Rg5 50. Bh6 Rf5 51. b3 Ne5 52. b4 Rb3 53. Re2+ Kd3 54. Ref2 f3 55. Bg7 Rxb4 56. Bxe5 Rxe5 57. Rxf3+ 1-0

[Event "Olympiad-41"]
[Site "Tromsoe"]
[Date "2014.08.03"]
[Round "2.3"]
[White "Bartel, Mateusz"]
[Black "Li, Zuhao Luke"]
[Result "1/2-1/2"]
[WhiteElo "2640"]
[BlackElo "2365"]
[PlyCount "80"]
[EventDate "2014.08.02"]
[EventType "team-swiss"]
[EventRounds "11"]
[EventCountry "NOR"]
[SourceTitle "CBM 162"]
[Source "ChessBase"]
[SourceDate "2014.09.17"]
[SourceVersion "1"]
[SourceVersionDate "2014.09.17"]
[SourceQuality "1"]
[WhiteTeam "Poland"]
[BlackTeam "New Zealand"]
[WhiteTeamCountry "POL"]
[BlackTeamCountry "NZL"]

1. c4 e6 2. g3 d5 3. Bg2 Nf6 4. Nf3 dxc4 5. Qa4+ c6 6. Qxc4 b5 7. Qc2 Bb7 8. d4 Nbd7 9. Ne5 Qb6 10. Nc3 Qxd4 11. Nxd7 Qxd7 12. 0-0 c5 13. Rd1 Qc8 14. Bxb7 Qxb7 15. Bg5 Be7 16. Bxf6 gxf6 17. Rd2 Rc8 18. Rad1 Rc7 19. a4 a6 20. axb5 axb5 21. Qb3 b4 22. Qa4+ Qc6 23. Qxc6+ Rxc6 24. Nb5 f5 25. Rd7 Bf6 26. b3 0-0 27. Nd6 Ra6 28. Nc4 Ra2 29. e3 Rc2 30. Ra7 Rxc4 31. bxc4 b3 32. Rb7 b2 33. Kf1 Ra8 34. Ke2 Ra4 35. Kd3 Ra3+ 36. Kc2 Ra4 37. Kb3 Ra1 38. Kc2 Ra4 39. Kb3 Ra1 40. Kc2 Ra4 1/2-1/2

[Event "Sydney op"]
[Site "Sydney"]
[Date "2014.04.27"]
[Round "9"]
[White "Li, Zuhao Luke"]
[Black "Mungunkhuu, Mijgee"]
[Result "1/2-1/2"]
[WhiteElo "2326"]
[BlackElo "2215"]
[PlyCount "109"]
[EventDate "2014.04.23"]
[EventType "swiss"]
[EventRounds "9"]
[EventCountry "AUS"]
[SourceTitle "CBM 160 Extra"]
[Source "ChessBase"]
[SourceDate "2014.07.01"]
[SourceVersion "1"]
[SourceVersionDate "2014.07.01"]
[SourceQuality "1"]

1. d4 Nf6 2. c4 d6 3. Nf3 g6 4. Nc3 Bg7 5. e4 0-0 6. Be2 c6 7. 0-0 Nbd7 8. Be3 e5 9. d5 Qe7 10. Ne1 c5 11. Nd3 b6 12. Qd2 Ne8 13. Rac1 a6 14. a3 f5 15. exf5 gxf5 16. f4 e4 17. Nf2 Ndf6 18. h3 Bd7 19. g4 h6 20. b4 Kh8 21. g5 hxg5 22. fxg5 Nh7 23. h4 Be5 24. Nh3 Rg8 25. Bf4 Nhf6 26. Rf2 Qh7 27. Rh2 Ng4 28. Rh1 Nef6 29. Bxg4 fxg4 30. Bxe5 dxe5 31. Nf2 g3 32. Nfd1 Nh5 33. Qe1 Bf5 34. Ne3 Bg6 35. Ne2 Rgf8 36. Nxg3 Rf3 37. Nxh5 Qxh5 38. Rh2 Raf8 39. Rg2 R8f4 40. d6 Be8 41. Rcc2 Bd7 42. Qc3 Rxh4 43. Qxe5+ Kg8 44. Rh2 Rxe3 45. Qd5+ Kf8 46. Rcf2+ Rf3 47. Rxh4 Qxh4 48. Rxf3+ exf3 49. Qxf3+ Ke8 50. Qa8+ Kf7 51. Qf3+ Kg8 52. Qd5+ Kf8 53. Qf3+ Ke8 54. Qa8+ Kf7 55. Qf3+ 1/2-1/2

[Event "Sydney op"]
[Site "Sydney"]
[Date "2014.04.24"]
[Round "3"]
[White "Bao, Qilin"]
[Black "Li, Zuhao Luke"]
[Result "1/2-1/2"]
[WhiteElo "2213"]
[BlackElo "2326"]
[PlyCount "142"]
[EventDate "2014.04.23"]
[EventType "swiss"]
[EventRounds "9"]
[EventCountry "AUS"]
[SourceTitle "CBM 160 Extra"]
[Source "ChessBase"]
[SourceDate "2014.07.01"]
[SourceVersion "1"]
[SourceVersionDate "2014.07.01"]
[SourceQuality "1"]

1. e4 e5 2. Nc3 Nf6 3. g3 Bc5 4. Bg2 d6 5. h3 a6 6. d3 Nc6 7. Be3 Bxe3 8. fxe3 Ne7 9. Qf3 c6 10. Nge2 h5 11. d4 b5 12. a3 Qb6 13. Rd1 Ng6 14. Nc1 Ra7 15. b4 Re7 16. 0-0 Rh6 17. Qf2 Nh7 18. Nd3 Ng5 19. Kh2 h4 20. g4 Nf8 21. dxe5 dxe5 22. Nc5 Qc7 23. Qd2 Nd7 24. Nd3 Nb6 25. Nc5 Nc4 26. Qe2 Ne6 27. a4 Nxc5 28. bxc5 Qa5 29. g5 Rh8 30. Nd5 cxd5 31. exd5 Qb4 32. d6 Rd7 33. axb5 axb5 34. Bc6 Qxc5 35. Qf3 Rf8 36. Bxd7+ Bxd7 37. Rd5 Qc6 38. e4 Be6 39. Rd3 Nxd6 40. Rfd1 Nb7 41. Qf2 Ke7 42. c3 Rd8 43. Qxh4 Qc4 44. Qg3 Rxd3 45. Rxd3 Qxe4 46. Re3 Qc2+ 47. Kg1 Qc1+ 48. Kh2 Qd2+ 49. Kg1 f6 50. gxf6+ gxf6 51. Qg7+ Bf7 52. Rf3 Qg5+ 53. Qxg5 fxg5 54. Rf5 Ke6 55. Rxg5 Nd6 56. Rg4 Kf5 57. Rg3 Bh5 58. h4 Ne4 59. Rg8 Be2 60. Rf8+ Ke6 61. Rc8 Bc4 62. h5 Kf6 63. h6 Kg6 64. Rc6+ Kh7 65. Kg2 Nxc3 66. Kg3 Ne2+ 67. Kg4 Nd4 68. Rb6 e4 69. Kh5 Ne6 70. Rb7+ Kh8 71. Rb8+ Kh7 1/2-1/2

[Event "Doeberl Cup 52nd"]
[Site "Canberra"]
[Date "2014.04.20"]
[Round "7"]
[White "Li, Zuhao Luke"]
[Black "Mu, Ke"]
[Result "1/2-1/2"]
[WhiteElo "2326"]
[BlackElo "2325"]
[PlyCount "52"]
[EventDate "2014.04.17"]
[EventType "swiss"]
[EventRounds "9"]
[EventCountry "AUS"]
[SourceTitle "CBM 159 Extra"]
[Source "ChessBase"]
[SourceDate "2014.04.24"]
[SourceVersion "1"]
[SourceVersionDate "2014.04.24"]
[SourceQuality "1"]

1. d4 Nf6 2. c4 g6 3. Nc3 d5 4. Nf3 Bg7 5. Qb3 dxc4 6. Qxc4 0-0 7. e4 Be6 8. Qa4 Bd7 9. Qb3 c5 10. d5 Qb6 11. Qxb6 axb6 12. Bg5 e6 13. 0-0-0 exd5 14. Bxf6 Bxf6 15. Nxd5 Bd8 16. Ne5 Be6 17. a3 Nc6 18. Nc4 b5 19. Nce3 b4 20. axb4 Nxb4 21. Nxb4 cxb4 22. Nd5 Ra1+ 23. Kd2 Ra2 24. Kc2 Bxd5 25. Rxd5 Ra1 26. g3 Bb6 1/2-1/2

[Event "Doeberl Cup 52nd"]
[Site "Canberra"]
[Date "2014.04.19"]
[Round "6"]
[White "Van Wely, Loek"]
[Black "Li, Zuhao Luke"]
[Result "1/2-1/2"]
[WhiteElo "2685"]
[BlackElo "2326"]
[PlyCount "120"]
[EventDate "2014.04.17"]
[EventType "swiss"]
[EventRounds "9"]
[EventCountry "AUS"]
[SourceTitle "CBM 159 Extra"]
[Source "ChessBase"]
[SourceDate "2014.04.24"]
[SourceVersion "1"]
[SourceVersionDate "2014.04.24"]
[SourceQuality "1"]

1. c4 Nf6 2. Nc3 e6 3. Nf3 d5 4. d4 Bb4 5. cxd5 exd5 6. Bg5 h6 7. Bh4 c5 8. a3 Bxc3+ 9. bxc3 c4 10. Nd2 g5 11. Bg3 Bf5 12. h4 Rg8 13. hxg5 hxg5 14. f3 Qe7 15. Kf2 Nc6 16. e4 dxe4 17. Nxc4 0-0-0 18. Qa4 Nd5 19. Re1 Rg6 20. Ne5 Nxe5 21. Bxe5 e3+ 22. Kg1 a6 23. c4 Nf4 24. Rxe3 Re6 25. Qb4 Qxb4 26. axb4 Ng6 27. Kf2 Rde8 28. g4 Nxe5 29. dxe5 Bg6 30. Bd3 Bxd3 31. Rxd3 Rxe5 32. Rh7 R8e7 33. Rd2 Kc7 34. Kg3 Kc6 35. Rg7 a5 36. bxa5 Rxa5 37. Rd8 Rc5 38. Rdg8 Rxc4 39. Rxg5 Kd6 40. Rf5 Ke6 41. Kh4 Rcc7 42. Kg5 Kd7 43. f4 Kc6 44. Rf6+ Kc5 45. Rb8 Rc6 46. f5 b5 47. Rf8 Rcc7 48. Ra6 b4 49. Kf6 b3 50. Ra1 Kb4 51. Rb1 Kc3 52. Rb8 Rb7 53. Rc8+ Kb4 54. g5 Rec7 55. Rxc7 Rxc7 56. g6 fxg6 57. fxg6 Ka3 58. g7 Rxg7 59. Kxg7 Ka2 60. Rxb3 Kxb3 1/2-1/2

[Event "AUS-ch"]
[Site "Melbourne"]
[Date "2014.01.11"]
[Round "11"]
[White "Li, Zuhao Luke"]
[Black "Dragicevic, Domagoj"]
[Result "1/2-1/2"]
[WhiteElo "2336"]
[BlackElo "2199"]
[PlyCount "78"]
[EventDate "2014.01.02"]
[EventType "swiss"]
[EventRounds "11"]
[EventCountry "AUS"]
[SourceTitle "CBM 158 Extra"]
[Source "ChessBase"]
[SourceDate "2014.02.28"]
[SourceVersion "1"]
[SourceVersionDate "2014.02.28"]
[SourceQuality "1"]

1. d4 Nf6 2. c4 e6 3. Nc3 Bb4 4. a3 Bxc3+ 5. bxc3 c5 6. f3 d5 7. cxd5 exd5 8. e3 Qc7 9. Ra2 0-0 10. Bd3 b6 11. Ne2 Ba6 12. Bxa6 Nxa6 13. 0-0 Rac8 14. Qd3 Nb8 15. Bd2 cxd4 16. cxd4 Qc4 17. Qxc4 Rxc4 18. Rc1 Rfc8 19. Rxc4 Rxc4 20. Nf4 Nc6 21. Kf2 Kf8 22. Ke2 Ke7 23. Kd3 Ra4 24. Ne2 b5 25. Nc3 Ra5 26. Nb1 Ra6 27. Rb2 Rb6 28. e4 Ke6 29. Nc3 b4 30. exd5+ Nxd5 31. Nxd5 Kxd5 32. axb4 Ra6 33. Rb3 Nxd4 34. Rc3 Ne6 35. f4 f5 36. g3 Ra4 37. Rc8 Ra3+ 38. Bc3 Ra2 39. Bd2 Ra3+ 1/2-1/2

[Event "AUS-ch"]
[Site "Melbourne"]
[Date "2014.01.09"]
[Round "9"]
[White "Li, Zuhao Luke"]
[Black "Solomon, Stephen J"]
[Result "0-1"]
[WhiteElo "2336"]
[BlackElo "2371"]
[PlyCount "100"]
[EventDate "2014.01.02"]
[EventType "swiss"]
[EventRounds "11"]
[EventCountry "AUS"]
[SourceTitle "CBM 158 Extra"]
[Source "ChessBase"]
[SourceDate "2014.02.28"]
[SourceVersion "1"]
[SourceVersionDate "2014.02.28"]
[SourceQuality "1"]

1. d4 d5 2. c4 e6 3. Nc3 Be7 4. cxd5 exd5 5. Bf4 c6 6. Qc2 g6 7. e3 Bf5 8. Qd2 Nf6 9. Nge2 Nbd7 10. Ng3 Be6 11. Bd3 h5 12. h3 h4 13. Nge2 Nh5 14. 0-0-0 a5 15. Kb1 a4 16. Rc1 Nb6 17. Be5 Rg8 18. Rhe1 f6 19. Bh2 Kf7 20. e4 dxe4 21. Nxe4 Nd5 22. Nc5 Bc8 23. Nc3 a3 24. Nxd5 cxd5 25. b3 Bd6 26. Bxd6 Qxd6 27. Qc3 Rg7 28. Bb5 Nf4 29. Ka1 g5 30. Re8 b6 31. Na4 Bd7 32. Bxd7 Rxe8 33. Bxe8+ Kxe8 34. Qc8+ Kf7 35. Rc7+ Kg6 36. Qe8+ Kh7 37. Rxg7+ Kxg7 38. Nc3 Nxg2 39. Nb5 Qf4 40. Qe7+ Kg6 41. Qe8+ Kf5 42. Qc8+ Ke4 43. Nxa3 Kf3 44. Nb5 Kxf2 45. a4 g4 46. hxg4 h3 47. Qc2+ Kg3 48. Nc3 Qf1+ 49. Ka2 h2 50. Ne2+ Kf3 0-1